currencies of the world - Statistics

General Stats
  • This quiz has been taken 17 times
  • The average score is 30 of 197
Answer Stats
country currency % Correct
australia australian dollar
100%
united kingdom pound
55%
new zealand nz dollar
36%
brazil real
36%
iran rial
36%
usa usd
36%
albania albanian lek
27%
france euro (france)
27%
japan Japanese yen
27%
mexico mexican peso
27%
russia russian ruble
27%
afghanistan afghan afghani
18%
argentina argentine peso
18%
bahrain bahraini dinar
18%
bangladesh bangladeshi taka
18%
belarus belarusian ruble
18%
bhutan bhutanese ngultrum
18%
elsalvador bitcoin
18%
bulgaria bulgarian lev
18%
canada canadian dollar
18%
chile chilean peso
18%
china chinese yuan
18%
colombia colombian peso
18%
cuba cuban peso
18%
czechia czech koruna
18%
denmark danish krone
18%
egypt egyptian pound
18%
ethiopia ethiopian birr
18%
andorra euro (andorra)
18%
austria euro (austria)
18%
belgium euro (belgium)
18%
croatia euro (croatia)
18%
cyprus euro (cyprus)
18%
estonia euro (estonia)
18%
finland euro (finland)
18%
germany euro (germany)
18%
greece euro (greece)
18%
ireland euro (ireland)
18%
italy euro (italy)
18%
kosovo euro (kosovo)
18%
latvia euro (latvia)
18%
lithuania euro (lithuania)
18%
luxembourg euro (luxembourg)
18%
malta euro (malta)
18%
monaco euro (monaco)
18%
montenegro euro (montenegro)
18%
netherlands euro (netherlands)
18%
portugal euro (portugal)
18%
sanmarino euro (sanmarino)
18%
slovakia euro (slovakia)
18%
slovenia euro (slovenia)
18%
spain euro (spain)
18%
vatican city euro (vatican)
18%
fiji fijian dollar
18%
georgia georgian lari
18%
guatemala guatemala quetzal
18%
hungary hungarian forint
18%
iceland icelandic krona
18%
india indian ruppee
18%
iraq iraqi dinar
18%
jamaica jamaican dollar
18%
jordan jordanian dinar
18%
kazakhstan kazakhstani tenge
18%
kenya kenyan shilling
18%
kiribati kiribati dollar
18%
kuwait kuwaiti dinar
18%
kyrgyzstan kyrgyzstani som
18%
laos laotian kip
18%
lebanon lebanese pound
18%
maldives maldivian rufiyaa
18%
moldova moldovan leu
18%
mongolia mongolian tugrik
18%
myanmar myanmar kyat
18%
namibia namibian dollar
18%
nepal nepalese ruppee
18%
north korea north korean won
18%
norway norwegian krone
18%
oman omani riyal
18%
pakistan pakistani ruppee
18%
philippines philippines peso
18%
papua new guinea png kina
18%
poland polish zloty
18%
qatar qatari riyal
18%
romania romanian leu
18%
indonesia rupiah
18%
samoa samoan tala
18%
saudi arabia saudi riyal
18%
serbia serbian dinar
18%
singapore singapore dollar
18%
peru sol
18%
south africa south african rand
18%
south korea south korean won
18%
sri lanka sri lankan ruppee
18%
sudan sudanese pound
18%
sweden swedish krona
18%
switzerland swiss franc
18%
syria syrian pound
18%
tajkistan tajikistani somoni
18%
tanzania tanzanian shilling
18%
thailand thai baht
18%
trinidad and tobago trinidad and tobago dollar
18%
turkey turkish lira
18%
turkmenistan turkmenistani manat
18%
tuvalu tuvaluan dollar
18%
uganda ugandan shilling
18%
uzbekistan uzbekistani som
18%
vietnam vietnamese dong
18%
yemen yemeni riyal
18%
algeria algerian dinar
9%
armenia amenian dram
9%
angola angolan kwanza
9%
nauru australian dollar (nauru)
9%
azarbaijan azarbaijani manat
9%
bahamas bahmian dollar
9%
barbados barbados dollar
9%
belize belize dollar
9%
bolivia bolivian boliviano
9%
bosnia and herzegovina Bosnia-Herzegovina Convertible Mark
9%
botswana botswanan pula
9%
brunei brunei dollar
9%
burundi burundian franc
9%
cambodia cambodian riel
9%
cape verde cape verdean escudo
9%
cameroon Central African CFA franc (cameroon)
9%
central african repubic Central African CFA franc (car)
9%
chad Central African CFA franc (chad)
9%
equatorial guinea Central African CFA franc (equatorialguinea)
9%
gabon Central African CFA franc (gabon)
9%
republic of the congo Central African CFA franc (roc)
9%
comoros comorian franc
9%
democratic republic of the congo congolese franc
9%
costa rica costa rican colon
9%
djibouti djiboutian franc
9%
dominican republic dominican peso
9%
dominica east carribean dollar (dominica)
9%
grenada east carribean dollar (grenada)
9%
stkitts and nevis east carribean dollar (stkitts)
9%
st lucia east carribean dollar (stlucia)
9%
st vincent and the grenadines east carribean dollar (stvincent)
9%
antigua and barbuda east carribian dollar (antigua)
9%
eritrea eritrean nafka
9%
gambia gambian dalasi
9%
ghana ghanain cedi
9%
guinea guinean franc
9%
guyana guyanese dollar
9%
haiti haitian gourde
9%
honduras honduran lempira
9%
lesotho lesotho loti
9%
liberia liberian dolla
9%
libya libyan dinar
9%
north macedonia macedonian denar
9%
madagascar malagasy ariary
9%
malawi malawian kwacha
9%
malaysia malaysian ringit
9%
mauritania Mauritanian ouguiya
9%
mauritius mauritian ruppee
9%
morocco morrocan dirham
9%
mozambique mozambican metical
9%
israel new israeli shekel
9%
taiwan new taiwan dollar
9%
nicaragua nicaraguan cordoba
9%
nigeria nigerian naira
9%
palestine no currency
9%
panama panamanian ballboa
9%
paraguay paraguay guarani
9%
uruguay peso uruguayo
9%
rwanda rwandan franc
9%
sao tome and principe sao tome and principe dobra
9%
seychelles seychellois ruppee
9%
sierra leone sierra leonean leone
9%
solomon islands sl dollars
9%
somalia somali shilling
9%
south sudan south sudanese pound
9%
suriname surinamese dollar
9%
eswatini swazi lilangeni
9%
liechtenstein swiss franc (lichtenstein)
9%
tonga tonga pa'anga
9%
tunisia tunisian dinar
9%
united arab emirates uae dirham
9%
ukraine ukrainian hryvnia
9%
ecuador usd (ecuador)
9%
marshall islands usd (marshallislands)
9%
micronesia usd (micronesia)
9%
palau usd (palau)
9%
timor leste usd (timorleste)
9%
zimbabwe usd (zimbabwe)
9%
vanuatu vanuatu vatu
9%
venezuela venezuelan bolivar
9%
benin West African CFA franc (benin)
9%
burkina faso West African CFA franc (burkinafaso)
9%
guinea bissau West African CFA franc (guineabissau)
9%
ivory coast West African CFA franc (ivorycoast)
9%
mali west african cfa franc (mali)
9%
niger West African CFA franc (niger)
9%
senegal West African CFA franc (senegal)
9%
togo West African CFA franc (togo)
9%
zambia zambian kwacha
9%
No matching quizzes found
Score Distribution
Percent of People with Each Score
Percentile by Number Answered
Your Score History
You have not taken this quiz